000 004630000a22001930004500
001 004843
003 MACL
005 20151119165603.0
008 151119b xxu||||| |||| 00| 0 eng d
040 _aMACL
_cMACL
041 _aEnglish
082 _a700
100 _aGandhi, Avaneet
_917577
245 _aThe Magic Of Indian Miniatures
_cAvaneet Gandhi
260 _aWinsome Books,
_c2007
350 _a2800
650 _aArts
_917578
942 _k700
_cBK
_2ddc
999 _c16726
_d16726